|
|
|
|
| LEADER |
01691njm a2200433 a 4500 |
| 001 |
000402157 |
| 003 |
CZ BrMZK |
| 005 |
20061014175111.0 |
| 008 |
980105s1998 xr f yid d |
| 028 |
0 |
3 |
|a F1 0091-2
|b Arta Records/2HP Production
|
| 040 |
|
|
|a BOA001
|b cze
|
| 041 |
1 |
|
|a yid
|a lat
|
| 080 |
|
|
|a 785.7"19"(086.7)
|2 MRF
|
| 080 |
|
|
|a 784/785"19"(086.7)
|2 MRF
|
| 100 |
1 |
|
|a Graham, Peter,
|d 1952-
|7 jn20000602269
|4 cmp
|
| 245 |
1 |
4 |
|a Der Erste
|h [zvukový záznam] /
|c Peter Graham.
|
| 246 |
3 |
3 |
|a Nebe i země pominou ...
|
| 246 |
3 |
3 |
|a Poslední večer básníka Si-Kchanga
|
| 246 |
3 |
3 |
|a Sextet pro dvě smyčcová tria
|
| 246 |
3 |
3 |
|a Tichá hudba
|
| 246 |
3 |
3 |
|a <<Der >>Erste
|
| 246 |
3 |
3 |
|a Ave verum corpus
|
| 246 |
3 |
3 |
|a Fragment II
|
| 246 |
3 |
3 |
|a Moens aneb "Dvořákův problém"
|
| 260 |
|
|
|a Praha :
|b Arta Records/2HP Production,
|c p1998
|
| 300 |
|
|
|a 1 CD :
|b DDD ;
|c 12 cm +
|e 1 složený list.
|
| 306 |
|
|
|a 010743
|
| 500 |
|
|
|a Durata 67:43
|
| 500 |
|
|
|a Text v brož. vícejaz. - Názvy skladeb též anl
|
| 500 |
|
|
|a Nahr. 1998
|
| 505 |
2 |
|
|a <<Der >>Erste, Fragment II,, Sextet pro dvě smyčcová tria ... [et al.]
|
| 511 |
0 |
|
|a Ensemble Mondschein
|
| 653 |
0 |
|
|a elektroakustická hudba
|a klarinet(3)
|a komorní hudba
|a komorní kantáty
|a magnetofonový pás
|a minimální hudba
|a příčná flétna
|a vokálně-instrumentální hudba
|
| 710 |
2 |
|
|a MoEns (hudební skupina)
|7 ko2003165373
|
| 910 |
|
|
|a BOA001
|b CD-0007.026
|
| 964 |
|
|
|a Hudba komorní
|z stol.20.,pol.2.
|x CD
|
| 964 |
|
|
|a Hudba vokálně-instrumentální
|z stol.20.,pol.2.
|x CD
|
| 990 |
|
|
|a AV
|
| 996 |
6 |
|
|b 261H007484
|c CD-0007.026
|l MZK
|r Sklad / do 24 hodin
|n 0
|p p.v.
|w 000402157
|u 000010
|a 1
|e BOA001
|j MZK50
|s P
|